Actress By Movies #1 - Statistics

General Stats
  • This quiz has been taken 27 times
  • The average score is 9 of 15
Answer Stats
Movies Actress % Correct
Sophie's Choice, Devil Wears Prada, Mamma Mia! Meryl Streep
100%
Monster's Ball, Catwoman, X-Men Halle Berry
96%
Charlie's Angels, Tinker Bell, Kung Fu Panda Lucy Liu
91%
Panic Room, Twilight, Snow White and the Huntsman Kristen Stewart
83%
Jurassic Park, Wild, Marriage Story Laura Dern
78%
Avatar, Star Trek, Guardians of the Galaxy Zoe Saldana
74%
Skyfall, Philomena, Cats Judi Dench
70%
American Hustle, mother!, Red Sparrow Jennifer Lawrence
65%
Roman Holiday, Sabrina, My Fair Lady Audrey Hepburn
52%
12 Years a Slave, The Jungle Book, Us Lupita Nyong'o
48%
To Catch A Thief, Rear Window, Dial M for Murder Grace Kelly
43%
The Help, Divergent, Hidden Figures Octavia Spencer
43%
The Host, How I Live Now, Atonement Saoirse Ronan
39%
Poetic Justice, Boyz n the Hood, If Beale Street Could Talk Regina King
30%
Mata Hari, Grand Hotel, Camille Greta Garbo
26%
No matching quizzes found
Score Distribution
Percent of People with Each Score
Percentile by Number Answered
Your Score History
You have not taken this quiz